000 00336 a2200157 4500
001 193192
020 _a978-85-8184-142-7
040 _cMagnum
100 _aBeuscher, Armin
240 1 0 _aAlém do grande rio
_lpor
245 1 0 _aAlém do grande rio
300 _a27
362 0 _a2018
697 _aLITERATURA INFANTO
942 _cBK
999 _c193192
_d193192